Phân tích các yếu tố ảnh hưởng đến rủi ro tín dụng của doanh nghiệp nhỏ và vừa tại tỉnh Hậu Giang : Luận văn Thạc sĩ Kinh tế. Chuyên ngành Tài chính Ngân hàng

Đánh giá thực trạng tiếp cận và trả nợ ngân hàng của doanh nghiệp, các yếu tố ảnh hưởng đến rủi ro tín dụng của doanh nghiệp nhỏ và vừa tại tỉnh Hậu Giang.

Enregistré dans:
Détails bibliographiques
Auteur principal: Nguyễn, Thị Ngọc Bích
Format: Livre
Langue:Undetermined
Publié: Cần Thơ Trường Đại học Cần Thơ 2017
Sujets:
Tags: Ajouter un tag
Pas de tags, Soyez le premier à ajouter un tag!
Thư viện lưu trữ: Trung tâm Học liệu Trường Đại học Cần Thơ
LEADER 01076nam a2200205Ia 4500
001 CTU_224115
008 210402s9999 xx 000 0 und d
082 |a 332.742 
082 |b B302 
088 |a 60340201 
100 |a Nguyễn, Thị Ngọc Bích 
245 0 |a Phân tích các yếu tố ảnh hưởng đến rủi ro tín dụng của doanh nghiệp nhỏ và vừa tại tỉnh Hậu Giang : 
245 0 |b Luận văn Thạc sĩ Kinh tế. Chuyên ngành Tài chính Ngân hàng 
245 0 |c Nguyễn Thị Ngọc Bích ; Phan Anh Tú (Cán bộ hướng dẫn) 
260 |a Cần Thơ 
260 |b Trường Đại học Cần Thơ 
260 |c 2017 
520 |a Đánh giá thực trạng tiếp cận và trả nợ ngân hàng của doanh nghiệp, các yếu tố ảnh hưởng đến rủi ro tín dụng của doanh nghiệp nhỏ và vừa tại tỉnh Hậu Giang. 
650 |a Tín dụng,Credit 
980 |a Trung tâm Học liệu Trường Đại học Cần Thơ